Riconosci il Pokémon - Quiz n°419 - Statistics

Statistiche generali
  • Questo quiz è stato fatto 0 volte
  • Il punteggio medio è 0 su 10
Statistiche sulle risposte
Indizio Risposta % Corretto
Sesso 100% ♂
0%
Altezza 1,5 m; 1,7 m (Hisui)
0%
Peso 41,0 kg; 43,4 kg (Hisui)
0%
Tasso di cattura 60 (14.8%)
0%
Abilità Agonismo; Sguardofermo (Normale; Hisui); Forzabruta (Normale, Hisui); Lentifumé (Hisui)
0%
Pokémon Braviary
0%
Tasso di allevamento Lento
0%
Tipo Normale / Volante; Psico / Volante (Hisui)
0%
Stadio evoluzione Prima evoluzione
0%
Generazione Quinta
0%
Nessun quiz corrispondente trovato
Distribuzione punteggi
Percentuale di utenti per punteggio
Percentile per numero di risposta
I tuoi punteggi nel tempo
Non hai fatto questo quiz